Poverty and Development into the 21 Century. (Record no. 619)

MARC details
005 - DATE AND TIME OF LATEST TRANSACTION
control field 20250320114354.0
020 ## - INTERNATIONAL STANDARD BOOK NUMBER
International Standard Book Number 9780198776260
082 ## - DEWEY DECIMAL CLASSIFICATION NUMBER
Classification number 338.9 ALL
245 ## - TITLE STATEMENT
Title Poverty and Development into the 21 Century.
260 ## - PUBLICATION, DISTRIBUTION, ETC.
Place of publication, distribution, etc. New York,
Name of publisher, distributor, etc. Oxford University Press,
Date of publication, distribution, etc. 2000.
300 ## - PHYSICAL DESCRIPTION
Extent xi,572p.:Ill.;figures,picture,table.
Other physical details Index, References.
Dimensions 24cm.
700 ## - ADDED ENTRY--PERSONAL NAME
Other authors/Editors TIM, A. & ALAN,T.
856 ## - ELECTRONIC LOCATION AND ACCESS
Link text Access Online Book.
Electronic name Poverty.
Path http://www.ouw.co.uk
942 ## - ADDED ENTRY ELEMENTS (KOHA)
Source of classification or shelving scheme Dewey Decimal Classification
Koha item type Books
Holdings
Date last seen Total checkouts Full call number Barcode Cost, replacement price Price effective from Koha item type Lost status Source of classification or shelving scheme Damaged status Not for loan Withdrawn status Home library Current library Shelving location Date acquired Cost, normal purchase price
03/14/2025   338.9 ALL 0000002496 34800.00 03/14/2025 Books   Dewey Decimal Classification       College of Business Education Main Library College of Business Education Main Library General Collection 03/14/2025 11600.00
03/14/2025   338.9 ALL 0000002497 34800.00 03/14/2025 Books   Dewey Decimal Classification       College of Business Education Main Library College of Business Education Main Library General Collection 03/14/2025 11600.00
03/14/2025   338.9 ALL 0000002498 34800.00 03/14/2025 Books   Dewey Decimal Classification       College of Business Education Main Library College of Business Education Main Library General Collection 03/14/2025 11600.00
03/14/2025   338.9 ALL 0000002499 34800.00 03/14/2025 Books   Dewey Decimal Classification       College of Business Education Main Library College of Business Education Main Library General Collection 03/14/2025 11600.00